=LDR 00000nam 2200000 4500 =001 INLIS000000000032949 =005 20251029093309 =035 ##$$a 0010-061300000032949 =008 251029###########################0#ind## =041 ##$$a ind =082 ##$$a 028.55 =090 ##$$a 028.55, Adi a =100 ##$$a Adiningsih, Neni Utami =245 1#$$a Aku tidak takut hantu, I am not afrald of ghosts, /$c Neni Utami Adiningsih; Penyunting, Sofia Mansoor =260 ##$$a Bandung :$b Mizan Media Utama,$c 2010 =300 ##$$a 23 hlm, : $b ilus ; $c 20 x 20 cm =650 #4$$a Bacaan Anak-anak =700 #$$a Mansoor, Sofia =850 ##$$a NBPNMAT =020 ##$$a 978-979-066-164-6 =084 ##$$a 028.55 ADI a =990 ##$$a 0001/BPAP-NTB/2016 =990 ##$$a 0001/BPAP-NTB/2016 =990 ##$$a 21003204 =990 ##$$a 0001/BPAP-NTB/2016